| 000 | 00652cas a22002175a 4500 | ||
|---|---|---|---|
| 001 | L137978 | ||
| 008 | 070510d19871990xxkmr p 0 a0eng u | ||
| 022 | 1 | _a0951-7928 | |
| 035 | _a(Sirsi) u137978 | ||
| 041 | 0 | _aeng | |
| 110 | 2 |
_aRoyal Institution of Chartered Surveyors _94900 |
|
| 245 | 0 | 0 |
_aWorld Property _bThe International Magazine of Real Estate |
| 260 |
_aLondon _bRICS Journals _bThe Builder Group _c1987-1990 |
||
| 362 | 0 | _aLondon: April 1987-June 1990 | |
| 362 | 0 | _aLondon: January-June 1990 | |
| 362 | 0 | _aEdinburgh: February 1988-June 1990 | |
| 554 | _a11 per year | ||
| 651 | 4 | _aInternational | |
| 690 | _aPROPERTY | ||
| 942 | _n0 | ||
| 999 |
_c118926 _d118926 |
||